The Palgrave Handbook of Digital Russia Studies (Record no. 24500)
[ view plain ]
| 000 -LEADER | |
|---|---|
| fixed length control field | 00771nam a2200121Ia 4500 |
| 008 - FIXED-LENGTH DATA ELEMENTS--GENERAL INFORMATION | |
| fixed length control field | 220620s9999||||xx |||||||||||||| ||und|| |
| 245 #4 - TITLE STATEMENT | |
| Title | The Palgrave Handbook of Digital Russia Studies |
| 546 ## - LANGUAGE NOTE | |
| Language note | English[eng] |
| 650 ## - SUBJECT ADDED ENTRY--TOPICAL TERM | |
| Topical term or geographic name entry element | Digital/New Media||Culture and Technology||Social Media||Media and Communication||Russian and Post-Soviet Politics||Digital and New Media||Political Science||Russia||Digitalization||Digital Humanities||New Media||Digital Methods||Big Data||Open Data||open access||Media studies: Internet, digital media & society||Cultural studies||Media studies||Politics & government |
| 700 ## - ADDED ENTRY--PERSONAL NAME | |
| Personal name | Gritsenko, Daria||Wijermars, Mariëlle||Kopotev, Mikhail |
| 856 ## - ELECTRONIC LOCATION AND ACCESS | |
| Uniform Resource Identifier | <a href="https://library.oapen.org/bitstream/20.500.12657/47274/1/9783030428556.pdf">https://library.oapen.org/bitstream/20.500.12657/47274/1/9783030428556.pdf</a> |
| 942 ## - ADDED ENTRY ELEMENTS (KOHA) | |
| Koha item type | E-Books |
| Withdrawn status | Lost status | Damaged status | Not for loan | Home library | Current library | Date acquired | Total Checkouts | Date last seen | Price effective from | Koha item type |
|---|---|---|---|---|---|---|---|---|---|---|
| Kerala University of Digital Sciences, Innovation and Technology Knowledge Centre | Kerala University of Digital Sciences, Innovation and Technology Knowledge Centre | 20/06/2022 | 20/06/2022 | 20/06/2022 | E-Books |